| 000 | 00537cam a2200181 4500 | ||
|---|---|---|---|
| 001 | D11463 | ||
| 008 | 090401t xxu||||| |||| 00| 0 eng d | ||
| 035 | _a(Sirsi) u98127 | ||
| 041 | _aeng | ||
| 100 | _aHodges, D.J. | ||
| 245 | _aField evaluation of Hewlett-Packard and Wild Total stations | ||
| 350 | _a0 | ||
| 520 | _aIn RICS et al. Survey and mapping. Conference at University of Reading, 30 March - 3 April 1981. (Paper B5) 1981/19 ABC | ||
| 700 | _aScoble, M.J. | ||
| 700 | _aSchofield, W. | ||
| 942 | _n0 | ||
| 948 | _c04/03/1997 | ||
| 999 |
_c99095 _d99095 |
||